• 首页
  • 本馆介绍
  • 公告通知
  • 最新文献
  • 馆藏检索
  • 电子资源
  • 读者导购
  • 参考咨询
  • 我的图书馆
  • 登录
  • 详细信息显示
  • 放入我的书架
  • 预约/预借图书
  • 作者相关作品
  • 分类相关作品
  • 丛书相关作品
  • 出版社相关作品

书目信息

  • 表格格式
  • 工作单格式
  • 卡片格式
题名:
世界音乐教育集粹
    
 
作者: 李凌 , 赵风 主编
分册:  
出版信息: 北京   中国展望出版社  1988
页数: 353页
开本: 19cm
丛书名: 音乐艺术博览丛书
单 册:
中图分类: G4-53
科图分类:
主题词: 教育
电子资源:
ISBN: 7-5050-0349-6
000 00757nam2 2200241 45
001 0404291407
005 20040429143017.0
010    @a7-5050-0349-6@dCNY2.90
100    @a20040429d1988 km y0chiy0120 ea
101 0  @achi
105    @a z 000yy
200 1  @a世界音乐教育集粹@AShi Jie Yin Yue Jiao Yu Ji Cui@f李凌,赵风主编@FLi Ling,Zhao Feng Zhu Bian
210    @a北京@c中国展望出版社@d1988
215    @a353页@d19cm
225    @a音乐艺术博览丛书@v二@f中国函授音乐学院选编
410    @12001 @a音乐艺术博览丛书
410    @1700 0@a中国函授音乐学院@AZhong Guo Han Shou Yin Yue Xue Yuan@4选编
606 0  @a教育
690    @aG4-53@v3
701  0 @a李凌@4主编
701  0 @a赵风@4主编
801    @aCN@bTSTCL@c20040429
905    @f2@b16976-977@dG4-53@e20
    
    世界音乐教育集粹/李凌,赵风主编.-北京:中国展望出版社,1988
    353页;19cm.-(音乐艺术博览丛书;二/中国函授音乐学院选编)
    
    
    ISBN 7-5050-0349-6:CNY2.90
    
●
相关链接 在E读中查询图书 在五车中查询图书 在当当中查询图书 在豆瓣中查询图书


正题名:世界音乐教育集粹     索取号:G4-53/20         预约/预借

序号 登录号 条形码 馆藏地/架位号 状态 备注
1 0016976   000310461   密集书库/ [索取号:G4-53/20] 在馆    
2 0016977   000310452   密集书库/ [索取号:G4-53/20] 在馆    
3 0216978   002055803   第一样本阅览室/ [索取号:G4-53/20] 在馆    
唐山师范学院图书馆 欢迎您!
大连网信软件有限公司© 版权所有